Convivir con el SIDA /
Guardado en:
| Autor Principal: | |
|---|---|
| Formato: | |
| Series: | La sociedad y sus problemas
|
| Materias: | |
| Etiquetas: |
Agregar Etiqueta
Sin Etiquetas, Sea el primero en etiquetar este registro!
|
| LEADER | 00865ngm a22002535g 4500 | ||
|---|---|---|---|
| 001 | CEM.cems021977 | ||
| 008 | 130507b1993##################0###0#####d | ||
| 005 | 20240924140957.0 | ||
| 245 | 1 | 0 | |a Convivir con el SIDA / |c Walt Disney. |
| 300 | |a 51'. | ||
| 490 | 0 | |a La sociedad y sus problemas | |
| 500 | |a En soporte VHS, consultar en ventanilla. | ||
| 538 | |a Soporte: VHS - Norma: Pal N - Color - Grabación DRD 1993 - Hitachi=0000 | ||
| 505 | 0 | |a Tratamiento del virus de HIV. El AZT. Pacientes y automedicación. La enfermedad a diario. Los enfermos en la sociedad. | |
| 100 | 1 | |a Disney, Walt. | |
| 082 | 6 | 1 | |/ SOC |
| 653 | |a MEDICINA | ||
| 653 | |a EDUCACION PARA LA SALUD | ||
| 653 | |a ENFERMEDADES | ||
| 653 | |a SIDA | ||
| 653 | |a AZT | ||
| 653 | |a SALUD | ||
| 653 | |a NIVEL SECUNDARIO | ||
| 859 | |a CEMS |b BIB. CEMS - Depto. Recursos Didacticos |h 614 |i SOC |k DRD |p 620.12 |t Ej.1 | ||
